| 000 | 00635nam a2200229 4500 | ||
|---|---|---|---|
| 003 | OSt | ||
| 005 | 20160413194952.0 | ||
| 008 | 160413b xxu||||| |||| 00| 0 eng d | ||
| 020 | _a0751403806 | ||
| 040 | _c040a | ||
| 082 |
_a333.7 _bALL 1997 |
||
| 100 |
_aAlloway, B . J _97129 |
||
| 245 |
_aChemical principles of environmental pollution / _cB. J Alloway, D. C Ayres |
||
| 250 | _a2nd.ed | ||
| 260 |
_aLondon _bBlackie academic _c1997 |
||
| 300 |
_axvii, 393p; _bill: _c24 cm |
||
| 504 | _aIncludes index | ||
| 650 |
_aPollution _97130 |
||
| 650 |
_achemical principles _97877 |
||
| 700 |
_aAyres, D C _97132 |
||
| 942 |
_2ddc _cSLOAN |
||
| 999 |
_c3528 _d3528 |
||